000 00408nam a2200169Ia 4500
001 29003
003 IN-NITTTR
005 20251114233357.0
008 251113s9999||||xx |||||||||||||| ||eng||
040 _beng
040 _cIN-NITTTR
041 _aeng
082 _a158.12 M46
245 0 _aMeditation and wellbeing /
_cPrasad, B. V. S. Prasad, ed.
700 _aPrasad, B. V. S. Prasad
942 _2ddc
_cBK
999 _c31631
_d31631